000
00186nam a2200109Ia 4500
100
_a
BYRNE/JOHN
942
_c
BK
245
_a
JACK
260
_b
#N/A
546
_a
ENGLISH
999
_c
34186
_d
34186